Statistics for 日根野電車区381系行き先表示

Click here to take the quiz!

General Stats

  • This quiz has been taken 5 times
  • The average score is 15 of 37

Answer Stats

HintAnswer% Correct
01回送
100%
19回送
100%
02試運転
100%
04団体
100%
29スーパーくろしお京都
75%
06くろしお天王寺
75%
07くろしお白浜
75%
08くろしお新宮
75%
21くろしお新大阪
75%
28スーパーくろしお新大阪
75%
27スーパーくろしお天王寺
75%
26スーパーくろしお新宮
75%
25スーパーくろしお白浜
75%
22くろしお京都
75%
03臨時
75%
09くろしお紀伊勝浦
50%
11くろしお紀伊田辺
50%
37スーパーくろしお和歌山
50%
10くろしお和歌山
50%
15しらはま白浜
25%
14しらはま京都
25%
12くろしお周参見
25%
38スーパーくろしお海南
25%
35くろよん信濃森上
0%
34リゾート南小谷↔姫路
0%
36くろよん大阪
0%
32マリンくろしお京都↔新宮
0%
33シュプール南小谷↔姫路
0%
20マリンくろしお大阪↔新宮
0%
31マリンくろしお天王寺↔白浜
0%
30はんわライナー天王寺↔熊取
0%
16やまとじライナー大阪↔加茂
0%
13はんわライナー天王寺↔和歌山
0%
05マリンくろしお大阪↔白浜
0%
例外なつかしのやくも大阪↔松江
0%
24くろしおJR難波
0%
18やまとじライナーJR難波↔木津
0%

Score Distribution

Percentile by Number Answered

Percent of People with Each Score

Your Score History

You have not taken this quiz